| 000 | 00631pam a2200181 a 4500 | ||
|---|---|---|---|
| 020 | _a0471593990 (cloth : acidfree paper) | ||
| 082 | 0 | 0 |
_a620.11 _bROY _cL-NUST, P-24 |
| 100 | 1 |
_aRoylance, David _940781 |
|
| 245 | 1 | 0 |
_aMechanics of materials / _cDavid Roylance. |
| 260 |
_aNew York : _bWiley, _cc1996. |
||
| 300 |
_axv, 315 p. : _bill. ; _c26 cm. |
||
| 526 |
_a0 _b0 _c0 _d620_110000000000000_ROY |
||
| 650 | 0 |
_aNUST / MCE _926909 |
|
| 650 | 0 |
_aStrength of materials. _9563 |
|
| 856 | 4 | _uhttp://www.loc.gov/catdir/toc/onix04/95043057.html | |
| 856 | 4 | 2 | _uhttp://www.loc.gov/catdir/description/wiley033/95043057.html |
| 942 |
_2ddc _cBK |
||
| 999 |
_c545027 _d545027 |
||